00516nam a2200157Ia 4500008004100000041000800041082001400049100002200063245002300085250001400108260003300122300003300155365001100188999001700199952014200216240624s9999 xx 000 0 und d aeng a332.6 HAG aHAGSTROM ROBERT G aWARREN BUFFETT WAY a(2nd ed.) c2009aNew DelhibWiley India axxiii, : 245 : p. : cm. ; 23 cRSb30 c12824d12824 00104070aIMTNbIMTNcRack 10-Ad2009-03-02eBWEg395.00l1n8024o332.6 HAGp12824r2024-07-27 00:00:00s2024-07-17t1w2024-06-24yBK